MARC

Tag First Indicator Second Indicator Subfields
LEADER 00000cam a2200000Ia 4500
001 in00002589310
005 20201020164746.0
008 090916m20109999nyua 6 000 1 eng d
016 7 |a 015535939  |2 Uk 
019 |a 587117389 
020 |a 9781401226961 (v. 1 : pbk.) 
020 |a 1401226965 (v. 1 : pbk.) 
020 |a 9781401228545 (v. 2 : pbk.) 
020 |a 1401228542 (v. 2 : pbk.) 
020 |a 9781401231705 (v. 3 : pbk.) 
020 |a 1401231705 (v. 3 : pbk.) 
020 |a 9781401233617 (v. 4 : pbk.) 
020 |a 1401233619 (v. 4 : pbk.) 
020 |a 9781401237233 (v. 5 : pbk.) 
020 |a 1401237231 (v. 5 : pbk.) 
020 |a 9781401240295 (v.6 : pbk.) 
020 |a 1401240291 (v.6 : pbk.) 
035 |a (OCoLC)ocn631212104 
035 |a (OCoLC)631212104  |z (OCoLC)587117389 
040 |a TXA  |c TXA  |d BTCTA  |d OJ4  |d YDXCP  |d OCLCA  |d VKC  |d UKMGB  |d AZT  |d BDX  |d VKC  |d OBE  |d ZCU  |d COO  |d NUI  |d TWJ  |d UtOrBLW 
049 |a TXAM 
050 4 |a PN6734.S94  |b L46 2010 
082 0 4 |a 741.5973  |2 22 
100 1 |a Lemire, Jeff. 
245 1 0 |a Sweet tooth /  |c Jeff Lemire, story & art ; Jose Villarrubia, colors ; Pat Brosseau, letters. 
264 1 |a New York :  |b Vertigo/DC Comics,  |c [2010-] 
264 4 |c ©2010- 
300 |a volumes :  |b chiefly color illustrations ;  |c 26 cm. 
336 |a text  |b txt  |2 rdacontent 
337 |a unmediated  |b n  |2 rdamedia 
338 |a volume  |b nc  |2 rdacarrier 
505 0 |a v. 1. Out of the deep woods -- v. 2. In captivity -- v. 3. Animal armies -- v. 4. Endangered species -- v. 5. Unnatural habitats -- v. 6 Wild game. 
500 |a "Sweet Tooth created by Jeff Lemire." 
500 |a "Originally published in single magazine form as Sweet Tooth"--Title page verso. 
650 0 |a End of the world  |v Comic books, strips, etc. 
650 0 |a Survival  |v Comic books, strips, etc. 
650 0 |a Animal mutation  |v Comic books, strips, etc. 
650 0 |a Plague  |v Comic books, strips, etc. 
655 7 |a Graphic novels.  |2 lcgft 
700 1 |a Villarrubia, José,  |d 1961- 
700 1 |a Brosseau, Pat. 
948 |a cataloged  |b h  |c 2010/5/26  |d o  |e nbehmer  |f 10:32:25 am 
994 |a C0  |b TXA 
999 |a MARS 
999 f f |s d767e2b8-4441-370e-bf0f-17cbe4d20e30  |i 334e5219-7915-33e1-a960-7af80618f2f5  |t 0 
952 f f |p normal  |a Texas A&M University  |b College Station  |c Sterling C. Evans Library  |d Evans: Library Stacks  |t 0  |e PN6734.S94 L46 2010  |h Library of Congress classification  |i unmediated -- volume  |k no.2  |m A14839464050 
952 f f |p normal  |a Texas A&M University  |b College Station  |c Sterling C. Evans Library  |d Evans: Library Stacks  |t 0  |e PN6734.S94 L46 2010  |h Library of Congress classification  |i unmediated -- volume  |k no.6  |m A14841939607 
952 f f |p normal  |a Texas A&M University  |b College Station  |c Sterling C. Evans Library  |d Evans: Library Stacks  |t 0  |e PN6734.S94 L46 2010  |h Library of Congress classification  |i unmediated -- volume  |k no.1  |m A14839149121 
998 f f |a PN6734.S94 L46 2010  |s no.1-2,no.6  |t 0  |l Evans: Library Stacks